| 000 | 01041nam a2200217 4500 | ||
|---|---|---|---|
| 005 | 20260214161045.0 | ||
| 008 | 250325b |||||||| |||| 00| 0 eng d | ||
| 020 | _a9781785040207 | ||
| 037 | _cTextual | ||
| 040 |
_aRTL _cRTL |
||
| 084 |
_aY9(R4) Q7 _qRTL |
||
| 100 |
_aDuckworth, Angela _9747495 |
||
| 245 | _aGrit: why passion and resilience are the secrets to success | ||
| 260 |
_aLondon _bVermilion _c2017 |
||
| 300 |
_axv, 440p. _bIncludes notes and index |
||
| 520 | _aIn this must-read for anyone seeking to succeed, pioneering psychologist Angela Duckworth takes us on an eye-opening journey to discover the true qualities that lead to outstanding achievement. Winningly personal, insightful and powerful, Grit is a book about what goes through your head when you fall down, and how that - not talent or luck - makes all the difference. | ||
| 650 |
_aSuccess _9747496 |
||
| 650 |
_aPerseverance (Ethics) _9747497 |
||
| 650 |
_aExpectation (Psychology) _9747498 |
||
| 942 |
_2CC _n0 _cTEXL _hY9(R4) Q7 |
||
| 999 |
_c1269233 _d1269233 |
||